|
|
|
|
| LEADER |
02061nam a2200505 i 4500 |
| 001 |
nkc20182970115 |
| 003 |
CZ PrNK |
| 005 |
20180222103449.0 |
| 007 |
ta |
| 008 |
180124s2017 xr a e p 000 0 cze |
| 015 |
|
|
|a cnb002970115
|
| 020 |
|
|
|a 978-80-7468-119-6
|q (brožováno)
|
| 035 |
|
|
|a (OCoLC)1028220587
|
| 040 |
|
|
|a ABA001
|b cze
|e rda
|
| 072 |
|
7 |
|a 005
|x Management. Řízení
|2 Konspekt
|9 4
|
| 072 |
|
7 |
|a 37.016
|x Učební osnovy. Vyučovací předměty. Učebnice
|2 Konspekt
|9 22
|
| 080 |
|
|
|a 005.332.1
|2 MRF
|
| 080 |
|
|
|a 005.962.13:005.332.1
|2 MRF
|
| 080 |
|
|
|a (075.8)
|2 MRF
|
| 100 |
1 |
|
|a Vochozka, Marek,
|d 1976-
|7 mzk2009491839
|4 aut
|
| 245 |
1 |
0 |
|a Přehled metod komplexního hodnocení podniků /
|c Marek Vochozka, Jaromír Vrbka, Simona Hašková, Zuzana Rowland, Veronika Machová
|
| 250 |
|
|
|a Vydání první
|
| 264 |
|
1 |
|a V Českých Budějovicích :
|b Vysoká škola technická a ekonomická,
|c 2017
|
| 300 |
|
|
|a 265 stran :
|b barevné ilustrace ;
|c 30 cm
|
| 336 |
|
|
|a text
|b txt
|2 rdacontent
|
| 337 |
|
|
|a bez média
|b n
|2 rdamedia
|
| 338 |
|
|
|a svazek
|b nc
|2 rdacarrier
|
| 500 |
|
|
|a Podnázev na rubu titulní stránky: (vysokoškolská učebnice)
|
| 504 |
|
|
|a Obsahuje bibliografie
|
| 650 |
0 |
7 |
|a výkonnost podniku
|7 ph118506
|2 czenas
|
| 650 |
0 |
7 |
|a měření výkonnosti
|7 ph260641
|x metody
|2 czenas
|
| 650 |
0 |
9 |
|a industrial productivity
|2 eczenas
|
| 650 |
0 |
9 |
|a performance measurement
|x methods
|2 eczenas
|
| 655 |
|
7 |
|a učebnice vysokých škol
|7 fd133772
|2 czenas
|
| 655 |
|
9 |
|a textbooks (higher)
|2 eczenas
|
| 700 |
1 |
|
|a Vrbka, Jaromír
|7 xx0212983
|4 aut
|
| 700 |
1 |
|
|a Hašková, Simona,
|d 1973-
|7 ola2014813990
|4 aut
|
| 700 |
1 |
|
|a Rowland, Zuzana,
|d 1976-
|7 jo2018980045
|4 aut
|
| 700 |
1 |
|
|a Machová, Veronika
|7 jo2018980055
|4 aut
|
| 710 |
2 |
|
|a Vysoká škola technická a ekonomická v Českých Budějovicích
|7 pna2008418349
|4 isb
|
| 910 |
2 |
|
|a BOA001
|b 4-1402.463
|
| 990 |
|
|
|a BK
|
| 995 |
|
|
|a 01
|
| 991 |
|
|
|b 201802
|c NOV
|
| 996 |
6 |
|
|b 2610731906
|c 4-1402.463
|l MZK
|r Sklad / do 1 hodiny
|n 22
|p p.v.
|w 001648882
|u 000010
|a 1
|e BOA001
|j MZK50
|s P
|